01079nam a22002057a 4500003000900000008004100009040007100050082001600121110002600137245007000163260004400233300003600277440004300313505045100356650001800807650000900825650001300834650001700847650000900864AR-CdUCM190318b ||||| |||| 00| 0 spa d aMUNICIPALIDAD PROVINCIAL DEL CUSCOcBIBLIOTECA MUNICIPAL DEL CUSCO a080 /bSA18 aSalvat Editores, S.A. aBiblioteca Salvat de Grandes Temas :bEl cine, arte e industria / aEspañabSalvat Editores, S.A.,c1974. bIlustraciones en color,c20 cm. aBiblioteca Salvat de Grandes Temas n5 aContenido: 1. La contaminación, 2.Historia mundial desde 1939, 3.La formación de la tierra, 4. El nacimiento de un niño, 5.El cine, arte e industria, 6.Los átomos, 7.El arte abstracto y arte figurativo 8.El origen del hombre, 9.Las noticias y la información, 10.El sistema solar, 11.La pobreza en las grandes ciudades, 12.Nuevos rumbos del teatro, lingüística y significación, 14.La televisión, 15. La explosión demográfica aEnciclopedia  aCine aCultura  aColección  aArte